00736nam a2200181 a 450000100100000000500170001000800410002704000250006808200160009311000680010924500610017726000450023830000200028350001110030304900090041495201140042399900170053700003126420200930062818.0110617s2005 dr 000 0 spa d aDO-SdBNPbspacBNPHU axxxxbR426n1 aRepublica Dominicana.bAyuntamiento del Distrito Nacional9953510aNormativa para el arbolado urbano del Distrito Nacional. aSanto Domingo :bAmigo del Hogar,c2005. a32 p. ;c22 cm. aAdoptada mediante la resolución 152 del 2004 de la Sala capitular del Ayuntamiento del Distrito nacional aBNPD 0010718PDaPDbPDcCTd2011-06-17iLF1l0oxxxx R426np31264-10r2020-06-25w2020-06-25yLFPDZNo se presta c30756d30756